| 000 | 00750cam a2200205 a 4500 | ||
|---|---|---|---|
| 020 | _a0471243744 (alk. paper) | ||
| 040 | _cDLC | ||
| 082 | 0 | 0 | _a609 JOH 1998 A042 Or. |
| 100 | 1 | _aYoung, Jeffrey S., | |
| 245 | 1 | 0 |
_aForbesĀ® greatest technology stories : _binspiring tales of the entrepreneurs and inventors who revolutionized modern business / |
| 260 |
_aNew York : _bJohn Wiley & Sons, _cc1998. |
||
| 300 |
_axi, 368 p. : _bill. ; _c24 cm. |
||
| 650 | 0 | _aInventions | |
| 650 | 0 | _aInventors | |
| 650 | 0 | _aHigh technology | |
| 856 | 4 | 2 | _uhttp://www.loc.gov/catdir/bios/wiley042/98030590.html |
| 856 | 4 | 2 | _uhttp://www.loc.gov/catdir/description/wiley033/98030590.html |
| 856 | 4 | _uhttp://www.loc.gov/catdir/toc/onix04/98030590.html | |
| 942 | _cEK | ||
| 999 |
_c12857 _d12857 |
||